History Quiz

Random History or Art Quiz

Birds in Art Quiz Stats

Quiz Updated May 18, 2016

Challenge
Share
Tweet
Score 0/18 Timer 07:00
0 Plays Today
% Correct
Vincent van Gogh
92.2%
Frida Kahlo
76.4%
Pablo Picasso
73.6%
Salvador Dalí
73.6%
Rembrandt
59.8%
M. C. Escher
56.2%
Claude Monet
49.6%
Hieronymus Bosch
47.7%
Paul Gauguin
44.3%
% Correct
Pierre-Auguste Renoir
39.1%
Peter Paul Rubens
37.7%
John James Audubon
33.8%
René Magritte
32.3%
Marc Chagall
30%
Joan Miró
27.9%
Édouard Manet
26.7%
Albrecht Dürer
25.7%
Georgia O'Keeffe
17.5%

You're not logged in!

Compare scores with friends on all Sporcle quizzes.
Join for Free
OR
Log In

You Might Also Like...

Show Comments

Extras

Top Quizzes Today


Score Distribution

Your Account Isn't Verified!

In order to create a playlist on Sporcle, you need to verify the email address you used during registration. Go to your Sporcle Settings to finish the process.

Report this User

Report this user for behavior that violates our Community Guidelines.

Details: